000 00775 a2200205 4500
999 _c4341
_d4341
020 _a0205166156
050 0 0 _aLB3013LEV1996
100 1 _aLevin, James,
_d1946-
245 1 0 _aPrinciples of classroom management :
_ba professional decision-making model /
_cJames Levin, James F. Nolan.
250 _a2nd ed.
264 _aBoston:
_bAllyn and Bacon,
_c1996
300 _axxi, 244 p. :
_bill.
500 _aincludes index
504 _aIncludes bibliographical references and index.
650 0 _aClassroom management
_xProblems, exercises, etc.
650 0 _aTeaching
_xProblems, exercises, etc.
700 1 _aNolan, James F.,
_d1950-
942 _2lcc
_cBK
_h3013
_iLEV
_kLB